| 000 | 00910cam a2200337 4500500 | ||
|---|---|---|---|
| 005 | 20260329004823.0 | ||
| 041 | _afre | ||
| 042 | _adc | ||
| 100 | 1 | 0 |
_aEltchaninoff, Michel _eauthor |
| 245 | 0 | 0 | _aLes grands dilemmes de l’utilitarisme |
| 260 | _c2021. | ||
| 500 | _a45 | ||
| 690 | _aBentham | ||
| 690 | _aBien-être | ||
| 690 | _aBonheur | ||
| 690 | _aCatherine Audard | ||
| 690 | _aCollectif | ||
| 690 | _aConsommation | ||
| 690 | _aÉconomie | ||
| 690 | _aIndividualisme | ||
| 690 | _aJeremy Bentham | ||
| 690 | _aJohn Stuart Mill | ||
| 690 | _aLibéralisme | ||
| 690 | _aMorale | ||
| 690 | _aPlaisir | ||
| 690 | _aProfit | ||
| 690 | _aUtilitarisme | ||
| 690 | _aUtilité | ||
| 786 | 0 | _nPhilosophie magazine | 149 | 5 | 2021-05-01 | p. 47-49 | 1951-1787 | |
| 856 | 4 | 1 | _uhttps://shs.cairn.info/magazine-philosophie-magazine-2021-5-page-47?lang=fr&redirect-ssocas=7080 |
| 999 |
_c1837627 _d1837627 |
||